000 00489nam a2200181Ia 4500
003 OSt
005 20191218130933.0
008 190216s9999||||xx |||||||||||||| ||und||
040 _coclc
082 _a337
_bJHI/I
100 _aJhingan, M L
_9469
245 0 _aInternational Economics /
_cM L Jhingan
250 _a5th edn.
260 _bVrinda Publications,
_c2001.
_aDelhi:
300 _a666p
650 _aEconomics
942 _cBK
_2ddc
_h337
_iJHI/I
_k337
_mJHI/I
999 _c10793
_d10793